The First Days Of School: How To Be An Effective Teacher (Record no. 24318)

MARC details
000 -LEADER
fixed length control field 00736nam a22002177a 4500
003 - CONTROL NUMBER IDENTIFIER
control field OSt
005 - DATE AND TIME OF LATEST TRANSACTION
control field 20260615152124.0
008 - FIXED-LENGTH DATA ELEMENTS--GENERAL INFORMATION
fixed length control field 260615b |||||||| |||| 00| 0 eng d
020 ## - INTERNATIONAL STANDARD BOOK NUMBER
International Standard Book Number 9780976423317
040 ## - CATALOGING SOURCE
Transcribing agency Chuka University library
050 ## - LIBRARY OF CONGRESS CALL NUMBER
Classification number LB 1775.2 .W64 2009
100 ## - MAIN ENTRY--PERSONAL NAME
Personal name Wong, Harry K.
9 (RLIN) 29259
245 ## - TITLE STATEMENT
Title The First Days Of School: How To Be An Effective Teacher
260 ## - PUBLICATION, DISTRIBUTION, ETC.
Place of publication, distribution, etc. Mountain View
Name of publisher, distributor, etc. Harry K. Wong Publications
Date of publication, distribution, etc. 2009
300 ## - PHYSICAL DESCRIPTION
Extent Various Paging
Other physical details Illustrations
650 ## - SUBJECT ADDED ENTRY--TOPICAL TERM
Topical term or geographic name entry element Teaching-Vocational Guidance-United States
9 (RLIN) 29260
650 ## - SUBJECT ADDED ENTRY--TOPICAL TERM
Topical term or geographic name entry element Effective Teaching-United States
9 (RLIN) 27675
650 ## - SUBJECT ADDED ENTRY--TOPICAL TERM
Topical term or geographic name entry element Teachers-Training of-United States
9 (RLIN) 27707
700 ## - ADDED ENTRY--PERSONAL NAME
Personal name Rosemary T. Wong
9 (RLIN) 29261
942 ## - ADDED ENTRY ELEMENTS (KOHA)
Source of classification or shelving scheme Library of Congress Classification
Koha item type Long Loan Books
Suppress in OPAC No
Holdings
Withdrawn status Lost status Source of classification or shelving scheme Damaged status Not for loan Collection Home library Current library Shelving location Date acquired Source of acquisition Cost, normal purchase price Total Checkouts Full call number Barcode Date last seen Copy number Price effective from Koha item type
    Library of Congress Classification     General Collection Books Main Campus Library Main Campus Library General Stacks 15/06/2026 Donation from Books for Africa 1487.50   LB 1775.2 .W64 2009 34522/2026 15/06/2026 1 15/06/2026 Long Loan Books
    Library of Congress Classification     General Collection Books Main Campus Library Main Campus Library General Stacks 15/06/2026 Donation from Books for Africa 1487.50   LB 1775.2 .W64 2009 34521/2026 15/06/2026 2 15/06/2026 Long Loan Books
    Library of Congress Classification     General Collection Books Main Campus Library Main Campus Library General Stacks 15/06/2026 Donation from Books for Africa 1487.50   LB 1775.2 .W64 2009 34520/2026 15/06/2026 3 15/06/2026 Long Loan Books
    Library of Congress Classification     General Collection Books Main Campus Library Main Campus Library General Stacks 29/06/2026 donations from books for Africa 1487.50   LB 1775.2 .W64 2009 36016/2026 29/06/2026 4 29/06/2026 Long Loan Books

Powered by Koha